Ricerche intema di actio aquae pluviae arcendae dalle XII tavole all'epoca classica

Αποθηκεύτηκε σε:
Λεπτομέρειες βιβλιογραφικής εγγραφής
Κύριος συγγραφέας: Sitzia, Francesco (Συγγραφέας)
Συγγραφή απο Οργανισμό/Αρχή: Università di Roma (Συγγραφέας)
Μορφή: Βιβλίο
Γλώσσα:Ιταλικά
Έκδοση: Milán Dott. A. Giuffrè 1977
Σειρά:Pubblicazioni dell'Istituto di Diritto Romano e dei Diritti dell'Oriente Mediterraneo, 52
Θέματα:
Ετικέτες: Προσθήκη ετικέτας
Δεν υπάρχουν, Καταχωρήστε ετικέτα πρώτοι!

MARC

LEADER 00000nam a2200000 a 4500
001 UCR3591
003 CL-VaPUC
008 980128e19770000IT |||||||||||||||||ita|d
082 0 4 |a 340.5409  |b SIT  |2 21 
100 0 |a Sitzia, Francesco  |e author  |9 402549 
110 2 |a Università di Roma  |e author  |9 402550 
245 1 0 |a Ricerche intema di actio aquae pluviae arcendae dalle XII tavole all'epoca classica 
300 |a 242 p 
942 |c BK 
945 |d 19980128 00:00:00  |a crobeson 
260 |a Milán  |b Dott. A. Giuffrè  |c 1977 
650 7 |a DERECHO  |2 CL-VaPUC  |9 402551 
650 0 |a Historia del derecho  |9 255109 
650 0 |a Derecho romano  |9 255930 
650 0 |a Imperio Romano  |9 322785 
583 |a last modification  |c 19980128 00:00:00  |k Rodrigo Vera 
490 0 |a Pubblicazioni dell'Istituto di Diritto Romano e dei Diritti dell'Oriente Mediterraneo, 52 
999 |c 266647  |d 266645 
952 |0 0  |1 0  |4 0  |6 340_540900000000000_SIT_1977  |7 0  |8 DER_ROM  |9 298434  |a BIBDER  |b BIBDER  |d 2019-11-20  |i 1947184  |o 340.5409 SIT 1977  |p 1947184  |r 2023-01-25  |w 2019-11-20  |x Ubicación 4to piso  |y BK  |z Este recurso debe solicitarse con anticipación  |k DER